| 000 | 01906nam a22002897a 4500 | ||
|---|---|---|---|
| 003 | OSt | ||
| 005 | 20191029062543.0 | ||
| 008 | 180309b xxu||||| |||| 00| 0 spa d | ||
| 020 | _a9501406660 | ||
| 040 | _cPJ | ||
| 100 |
_9607 _aGiuliani Fonrouge, Carlos M. |
||
| 245 | 1 | 0 |
_aProcedimiento tributario / _cCarlos M. Giuliani Fonrouge, Susana Camila Navarrine. |
| 250 | _a5a. ed. act. y amp. | ||
| 260 |
_aBuenos Aires : _bDepalma, _c1993. |
||
| 300 |
_axli, 850 p. _c23 cm. |
||
| 500 | _aEn portada: Ley 11683 (t.o. 1978 y modificaciones). Decreto Reglamentario 1397/79. Régimen Penal Tributario y Previsional (ley 23.771). Comentarios, doctrina y jurisprudencia. | ||
| 500 | _aCitas y notas bibliográficas a pie de página. | ||
| 505 | _a Contenido: Ley 11.683. Procedimiento tributario: Competencia y organización de la Dirección General Impositiva -- Disposiciones generales -- Sujeto de los deberes impositivos -- Determinación y percepción de impuestos -- Del pago -- Verificación y fiscalización -- Intereses, ilícitos y sanciones -- De la prescripción -- Procedimiento penal y contencioso-administrativo -- Procedimiento contencio-judicial -- Juicio de ejecución fiscal -- Disposiciones varias -- Régimen del Fondo de Estímulo y de autarquía administrativa -- Régimen de actualización -- De la organización y competenciade los Tribunales Fiscales y actuación ante ellos -- De las acciones y recursos -- De la sentencia del tribunal -- Disposiciones generales -- Régimen Penal Tributario y Previsional Ley 23.771 -- Apéndice. | ||
| 650 | 0 |
_aDERECHO TRIBUTARIO _9339 |
|
| 650 | 0 |
_aPROCEDIMIENTO TRIBUTARIO _9573 |
|
| 650 | 0 |
_aREGIMEN PENAL TRIBUTARIO _9705 |
|
| 650 | 0 |
_aLEY PENAL TRIBUTARIA _93225 |
|
| 650 | 0 |
_aEVASIÓN PREVISIONAL _93062 |
|
| 650 | 0 |
_aDELITOS TRIBUTARIOS _9706 |
|
| 700 |
_aNavarrine, Susana Camila _9567 |
||
| 942 |
_2udc _cLIB _h336.2 _iGIU |
||
| 999 |
_c2071 _d2071 |
||